Piłkarze Milanu! - Statystyki

Ogólne statystyki
  • Ten quiz został rozwiązany 166 razy
  • Średni wynik to 43 z 159
Statystyki odpowiedzi
Pozycja Narodowość Obecny klub Zawodnik % Poprawnych
Bramkarz Włochy Milan Donnarumma
81%
Bramkarz Włochy Milan Donnarumma
81%
Pomocnik Włochy Milan Maldini
74%
Obrońca Brazylia Chelsea Silva
73%
Napastnik Portugalia Eintracht Frankfurt Silva
73%
Napastnik Szwecja Milan Ibrahimovic
72%
Napastnik Portugalia Milan Leao
72%
Napastnik Polska Hertha Berlin Piatek
68%
Obrońca Włochy - Nesta
63%
Bramkarz Bośnia i Hercegowina Bournemouth Begovic
62%
Pomocnik Brazylia - Kaka
62%
Bramkarz Hiszpania Lazio Reina
61%
Obrońca Francja Milan Hernandez
60%
Pomocnik Włochy - Pirlo
59%
Obrońca Włochy Juventus Bonucci
56%
Pomocnik Turcja Milan Calhanoglu
53%
Pomocnik WKS Milan Kessie
53%
Bramkarz Włochy - Roma
53%
Bramkarz Rumunia Milan Tatarusanu
53%
Obrońca Anglia Milan Tomori
53%
Pomocnik Brazylia - Ronaldinho
52%
Napastnik Argentyna Inter Miami Higuain
51%
Napastnik Brazylia Orlando City Pato
51%
Napastnik Chorwacja Milan Rebic
51%
Pomocnik Holandia - Seedorf
49%
Obrońca Włochy Milan Romagnoli
48%
Napastnik Włochy Monza Balotelli
46%
Napastnik Holandia Schalke Huntelaar
46%
Napastnik Kolumbia Villarreal Bacca
45%
Pomocnik Włochy - Gattuso
45%
Obrońca Dania Milan Kjaer
45%
Bramkarz Hiszpania Espanyol Lopez
45%
Napastnik Argentyna Sambenedettese Lopez
45%
Pomocnik Włochy Milan Tonali
45%
Bramkarz Włochy - Abbiati
43%
Obrońca Włochy Milan Calabria
43%
Napastnik Włochy - Inzaghi
43%
Obrońca Szwajcaria Torino Rodriguez
42%
Pomocnik Francja Napoli Bakayoko
41%
Pomocnik Algieria Milan Bennacer
41%
Napastnik Chorwacja Milan Mandzukic
41%
Napastnik Hiszpania Sevilla Suso
41%
Obrońca Kolumbia Genoa Zapata
41%
Obrońca Włochy - Abate
40%
Pomocnik Japonia Neftchi Baku Honda
40%
Pomocnik Brazylia OL Paqueta
39%
Napastnik Brazylia Bez klubu Robinho
36%
Pomocnik Włochy - Ambrosini
35%
Napastnik Włochy Roma El Shaarawy
35%
Pomocnik Hiszpania Milan Diaz
34%
Obrońca Francja Milan Kalulu
34%
Napastnik Hiszpania - Torres
34%
Napastnik Włochy Valencia Cutrone
33%
Pomocnik Ghana Pauzuje Essien
33%
Pomocnik Słowacja Parma Kucka
33%
Napastnik Hiszpania Udinese Deulofeu
32%
Pomocnik Bośnia i Hercegowina Milan Krunic
32%
Pomocnik Chorwacja Atalanta Pasalic
32%
Pomocnik Włochy Fiorentina Bonaventura
31%
Obrońca Gruzja - Kaladze
31%
Napastnik Hiszpania Milan Castillejo
29%
Pomocnik Holandia Al-Shahania de Jong
29%
Napastnik Chorwacja Hellas Verona Kalinic
29%
Pomocnik Ghana Monza Boateng
28%
Obrońca Włochy OL De Sciglio
28%
Obrońca Francja - Mexes
28%
Obrońca Włochy - Zambrotta
28%
Pomocnik Włochy - Montolivo
26%
Obrońca Czechy - Jankulovski
25%
Napastnik Peru Benevento Lapadula
25%
Napastnik Senegal Al-Ahli Niang
25%
Napastnik Argentyna Sevilla Ocampos
25%
Obrońca Włochy Lazio Acerbi
24%
Obrońca Włochy Atalanta Caldara
24%
Obrońca Portugalia Milan Dalot
24%
Pomocnik Włochy Sassuolo Locatelli
24%
Obrońca Argentyna Lazio Musacchio
24%
Pomocnik Włochy Bologna Poli
24%
Obrońca Urugwaj Celtic Glasgow Laxalt
23%
Napastnik Francja Reggina Menez
23%
Napastnik Włochy Karagumruk Borini
22%
Pomocnik Ghana - Muntari
22%
Pomocnik Maroko Benfica Taarabt
22%
Obrońca Włochy - Bonera
21%
Napastnik Włochy Genoa Destro
21%
Bramkarz Brazylia Lecce Gabriel
21%
Napastnik Norwegia Milan Hauge
21%
Obrońca Grecja Olympiakos Sokratis
21%
Pomocnik Holandia - van Bommel
21%
Napastnik Brazylia Palmeiras Adriano
20%
Obrońca Brazylia - Alex
20%
Pomocnik Argentyna Karagumruk Biglia
20%
Napastnik Włochy - Cassano
20%
Obrońca Włochy Milan Gabbia
20%
Napastnik Belgia Milan Saelemaekers
19%
Pomocnik Włochy - Nocerino
18%
Pomocnik Włochy - Nocerino
18%
Pomocnik Argentyna Fenerbahce Sosa
18%
Pomocnik Włochy Roma Cristante
17%
Obrońca Paragwaj Palmeiras Gomez
17%
Bramkarz Włochy - Amelia
16%
Pomocnik Włochy Karagumruk Bertolacci
16%
Obrońca Włochy Parma Conti
16%
Pomocnik Holandia Utrecht Emanuelson
16%
Obrońca Włochy - Oddo
16%
Obrońca Włochy Miami FC Antonelli
15%
Pomocnik Chorwacja Birmingham Halilovic
15%
Bramkarz Wlochy - Storari
15%
Pomocnik Gwinea - Constant
14%
Napastnik Włochy - Matri
14%
Napastnik Włochy Napoli Petagna
14%
Obrońca Francja Boavista Rami
14%
Pomocnik Holandia PSV van Ginkel
14%
Napastnik Włochy - Pazzini
13%
Obrońca Kolumbia - Yepes
13%
Obrońca Włochy - Antonini
12%
Obrońca USA - Onyewu
12%
Obrońca Włochy Monza Paletta
12%
Obrońca Nigeria Palm Beach Taiwo
12%
Obrońca Brazylia Basaksehir Duarte
11%
Pomocnik Chile La Serena Fernandez
11%
Napastnik Hiszpania Bez klubu Krkic
11%
Pomocnik Mali Bez klubu Traore
11%
Pomocnik Kazachstan Faisaly Merkel
9%
Obrońca Czechy Hajduk Split Simic
9%
Pomocnik Słowenia Bez klubu Birsa
8%
Napastnik Włochy - Borriello
8%
Napastnik Włochy Bez klubu Cerci
8%
Pomocnik Francja - Flamini
8%
Obrońca Algieria - Mesbah
8%
Pomocnik Włochy Spezia Saponara
8%
Pomocnik Francja Milan Meite
7%
Pomocnik Włochy - Aquilani
6%
Napastnik Włochy Cremonese Colombo
6%
Obrońca Brazylia Deportivo Alaves Ely
6%
Pomocnik Włochy CA Talleres Mauri
6%
Obrońca Hiszpania Espanyol Vila
5%
Obrońca Włochy - Zaccardo
5%
Pomocnik Sierra Leone Bez klubu Strasser
4%
Obrońca Kolumbia Bez klubu Armero
3%
Obrońca Argentyna Mouscron Silvestre
3%
Obrońca Argentyna Libertad Vangioni
3%
Obrońca Włochy Pescara Bocchetti
2%
Pomocnik Włochy Virtus Entella Brescianini
2%
Obrońca Włochy - Legrottaglie
2%
Napastnik Nigeria Bez klubu Oduamadi
2%
Pomocnik Włochy Torino Verdi
2%
Pomocnik Włochy Crotone Zanellato
2%
Napastnik Włochy Mantova Ganz
1%
Obrońca Włochy Bez klubu Albertazzi
0%
Napastnik Włochy Cittadella Beretta
0%
Pomocnik Włochy Triestina Calvano
0%
Obrońca Włochy Cavese De Vito
0%
Napastnik Włochy Mantova Di Molfetta
0%
Obrońca Włochy Venezia Felicioli
0%
Napastnik Włochy Mestre Forte
0%
Pomocnik Włochy Juve Stabia Mastalli
0%
Pomocnik Włochy Milan U19 Olzer
0%
Pomocnik Włochy Imolese Torrasi
0%
Nie znaleziono quizów pasujących do podanych kryteriów
Rozkład punktacji
Procent ludzi z każdym wynikiem
Percentyl według liczby udzielonych odpowiedzi
Twoja historia wyników
Nie rozwiązałeś tego quizu